000 02007nam a22002057a 4500
005 20220330101234.0
008 220328b ||||| |||| 00| 0 eng d
020 _a9781484277386
040 _cAL
041 _aeng
082 _223
_a658.4022
_bSILB
100 _aAlberto S Silveira
_926365
245 _aBuilding and managing high performance distributed teams
_bNavigating the future of works
260 _aNew York
_bApress Media
_c2021
300 _axvii,208p.
_bPB
_c23.3x15.5cm.
365 _2General
_a6471
_b₹639.20
_c
_d₹799.00
_e20%
_f12-03-2022
520 _aThe age of the distributed team is upon us. Teams can now operate and collaborate from locations other than a central office, and events surrounding the 2020 COVID pandemic have thrown its practicality into sharp relief. Managing a team whose members are distributed across several locations requires a different mindset and will remain a must-have for all areas of business from this point forward. Building and Managing High-Performance Distributed Teams explains what the distributed teams concept means to the future of your company. Author Alberto S. Silveira, Jr., leverages his industry knowledge to explore why the high-performance distributed team model is vital to the future of business, and he explains how to build and maintain one through times of change. You will learn to differentiate between distributed teams, remote work, offshoring, and what each means in a modern context. Silveira also weaves in stories from his other life as a boater and sailor, using analogies and lessons gained from humankind's thousands of years of maritime adventure to illustrate the value of well-managed teams, and to also convey the importance of life-work balance in today's working world. Whether you are a department head, a business owner, or a team leader, this book presents the no-nonsense knowledge you need now to chart your course for success.
650 _2Management
_aBusiness Management
_926366
942 _2ddc
_cBK
999 _c222066
_d222066